| 000 | 01202nam a22002657a 4500 | ||
|---|---|---|---|
| 003 | BD-DhSAU | ||
| 005 | 20181202160321.0 | ||
| 008 | 160731b2016 bg ||||| |||| 001 0 eng d | ||
| 040 | _aBD-DhSAU | ||
| 082 |
_222 _a310 _bJ493 |
||
| 100 |
_a Jesmin , Humaira _eRegistration # 10-04090 |
||
| 245 |
_a General banking activities and customer
satisfaction on service quality of Bangladesh
Krishi Bank : A case study on Shamoly branch,
Dhaka /
_bMS Thesis _c Jesmin , Humaira |
||
| 260 |
_aSher-e-Bangla Agricultural Uniersity : _bDepartment of Agricultural Statistics _c2016 |
||
| 300 |
_aix, 44p. : _bill. ; _c30 cm. |
||
| 500 | _aMS thesis of Department of Agricultural Statistics , Faculty of Agribusiness Management , Sher-e-Bangla Agricultural University, Dhaka, Bangladesh | ||
| 590 | _aShofi | ||
| 650 | _aAgricultural Statistics | ||
| 650 | _aGeneral banking activities | ||
| 650 | _aCustomer satisfaction | ||
| 650 | _aService quality | ||
| 650 |
_aBangladesh Krishi Bank, Shamoly branch , _z Dhaka |
||
| 700 |
_a Latif , Md. Abdul _eSupervisor |
||
| 856 |
_uhttp://archive.saulibrary.edu.bd:8080/xmlui/handle/123456789/1904 _yOnline Access |
||
| 942 |
_2ddc _cTHESIS |
||
| 999 |
_c14300 _d14299 |
||